1820 1879 1590 1793 1278 1030 1082 1930 1059 1031 1555 1581 1486 1984 1718 1099 1488 1719 1892 1179 1358 1207 1732 1647 1917 1138 1015 1629 1291 1158 1712 1547 1236 1278 1777 1297 1669 1576 1641 1190 1901 1028 1047 1417 1270 1349 1834 1181 1160 1197 1919 1072 1999 1987 1871 1196 1506 1687 1883 1894 1678 1134 1138 1581 1776 1236 1273 1281 1958 1912 1444 1599 1334 1505 1388 1369 1641 1578 1819 1078 1938 1289 1624 1484 1837 1409 1504 1232 1292 1054 1134 1747 1927 1555 1483 1339 1948 1632 1198 BCNSPRNW ULIB Ver.6.0+V

เปลี่ยนเป็นภาษาไทย

Change to English
 แสดงรายละเอียดบรรณานุกรม
  กลับหน้าหลัก

Brief Record : Get Marc (ISO 2709) : E-mail record : QR code < ปิดหน้าต่าง
LEADER : 00000nam 2200000uu 4500
001    13399123709
003     ULIB
008    141117s2556||||th 000 0 tha d
020    ^a9786167287942
060  4 ^aWH170^bด428ธ
100 0  ^aดารินทร์ ซอโสตถิกุล
245 10 ^aธาลัสซีเมียในเด็ก /^cดารินทร์ ซอโสตถิกุล ; บรรณาธิการ ชิษณุ พันธุ์เจริญ, ปัญญา เสกสรรค์
260    ^aกรุงเทพฯ :^bภาพพิมพ์,^c2556
300    ^a95 หน้า :^bภาพประกอบ
650  7 ^aธาลัสซีเมีย^xในวัยทารกและเด็ก
700 0  ^aชิษณุ พันธุ์เจริญ,^eบรรณาธิการ
700 0  ^aปัญญา เสกสรรค์,^eบรรณาธิการ
945    ^p120^l0^i21696
945    ^p120^l0^i21697
999    ^aทศพร เกษรทอง
รายการนี้ยังไม่มีแท็ก
คุณยังไม่ได้ล็อกอิน คุณสามารถมีกิจกรรมร่วมกับเว็บไซต์ได้ แต่ต้องล็อกอินก่อน ::
  ล็อกอิน

รายการสื่อสารสนเทศ

ลำดับที่ ประเภท เลขเรียก/บาร์โค้ด สถานที่ สถานะ
1. วิทยาศาสตร์การแพทย์ และสุขภาพ
วิทยาศาสตร์การแพทย์ และสุขภาพ
สถานะ=หนังสือเก่า
WH170 ด428ธ ฉ.1 
  Barcode: 21696
ห้องสมุดวิทยาเขตนครสวรรค์
►ส่วนจัดเก็บหนังสือเก่า นว.
บนชั้น
  ขอยืม
2. วิทยาศาสตร์การแพทย์ และสุขภาพ
วิทยาศาสตร์การแพทย์ และสุขภาพ
สถานะ=หนังสือเก่า
WH170 ด428ธ ฉ.2 
  Barcode: 21697
ห้องสมุดวิทยาเขตนครสวรรค์
►ส่วนจัดเก็บหนังสือเก่า นว.
บนชั้น
  ขอยืม

รายการใกล้เคียง
    ผู้แต่ง [ดารินทร์ ซอโสตถิกุล]

BibComment


ยังไม่เคยถูกคอมเมนท์

คอมเมนท์ทรัพยากรรายการนี้
  คอมเมนท์: ธาลัสซีเมียในเด็..


 Copyright 2026. Bcnsprnw @Library